000
00304nam a2200097Ia 4500
008
230915s9999 xx 000 0 und d
050
_a
KNC 486 .S27 2014 V.1 C.4
100
_a
SARKAR, SUDIPTO
245
0
_a
LAW OF EVIDENCE: IN INDIA, PAKISTAN, BANGLADESH, BURMA, CEYLON, MALAYSIA & SINGAPORE
942
_c
BK
999
_c
165670
_d
165670